[Event "Bar Sozina op"]
[Site "Bar"]
[Date "2006.03.18"]
[Round "1"]
[White "Kizov, Atanas"]
[Black "Alibasic, Mirto"]
[Result "1/2-1/2"]
[WhiteElo "2427"]
[BlackElo "2110"]
[PlyCount "87"]
[EventDate "2006.03.18"]
[EventType "swiss"]
[EventRounds "9"]
[EventCountry "YUG"]
[SourceTitle "CBM 111 Extra"]
[Source "ChessBase"]
[SourceDate "2006.05.09"]
[SourceVersion "1"]
[SourceVersionDate "2006.05.09"]
[SourceQuality "1"]

1. d4 d5 2. c4 e6 3. Nf3 Nf6 4. Nc3 Be7 5. Qc2 0-0 6. cxd5 exd5 7. Bg5 c6 8. e3 Nbd7 9. Bd3 Re8 10. 0-0 Nf8 11. h3 h6 12. Bf4 Bd6 13. Bxd6 Qxd6 14. Rab1 Be6 15. b4 N8d7 16. Na4 Ne4 17. Nc5 Ndxc5 18. bxc5 Qc7 19. Rb2 Rab8 20. Rc1 Bd7 21. Ne5 Qc8 22. f3 Nf6 23. Rcb1 Qc7 24. e4 Be6 25. Qa4 dxe4 26. fxe4 Red8 27. Qxa7 Ra8 28. Qxb7 Qxb7 29. Rxb7 Rxd4 30. Rb8+ Rxb8 31. Rxb8+ Kh7 32. Kf2 Bxa2 33. Ke3 Ra4 34. Nxc6 Nd7 35. Rb5 Bc4 36. Rb4 Bxd3 37. Rxa4 Bb5 38. Ra5 Bxc6 39. Kd4 f6 40. Ra6 Ne5 41. g3 h5 42. h4 Kh6 43. Ra7 Kg6 44. Rc7 1/2-1/2